Statistiques concernant les équipes de Nicolas Anelka

Cliquez ici pour prendre le quiz!

Statistiques générales

  • Ce quiz a été pris 97 fois
  • Le résultat moyen est 8 sur 14

Statistiques - réponses

annéeséquipes% Correct
1996-1997Paris Saint-Germain
99%
2000-2002Paris Saint-Germain
99%
2008-2012Chelsea
93%
1999-2000Real Madrid
92%
1997-1999Arsenal
84%
1998-2010France
74%
2002-2005Manchester City
72%
2002-2002Liverpool FC
57%
2013-2013Juventus Turin
50%
2006-2008Bolton Wanderers
48%
2005-2006Fenerbahçe istanbul
33%
2013-2014West Bromwich Albion
27%
2014-2015Mumbai City
14%
2012-2013Shanghai Shenhua
4%

Distribution des résultats

Percentile par nombre de réponses

% des personnes avec chaque résultat

Votre développement - résultats

Vous n’avez pas pris ce quiz